| 000 | 00999nam a2200277 i 4500 | ||
|---|---|---|---|
| 001 | bg | ||
| 003 | BPK | ||
| 005 | 20220719091636.0 | ||
| 008 | 980713s1996 pl f f |000 0 pol | ||
| 015 | _aPB 1997/7045 | ||
| 020 | _a8385031669 | ||
| 040 |
_aWA N _cBPK |
||
| 080 | _a347.4(438) | ||
| 080 | _a(075.8) | ||
| 100 | 1 |
_aGrzeszczyk, Tadeusz _eAutor |
|
| 245 | 1 | 0 |
_aZamówienia publiczne w reformowanej gospodarce polskiej : _bdoświadczenia i przyszłość / _cTadeusz Grzeszczyk ; Politechnika Częstochowska. |
| 260 |
_aCzęstochowa : _bWydaw. PC, _c1996. |
||
| 300 |
_a215, [1] s. ; _c24 cm. |
||
| 500 | _aNa s. red. i okł. zbędny ISSN. | ||
| 504 | _aBibliogr. s. 214-[216]. | ||
| 650 | 4 |
_aZamówienia publiczne _zPolska _yod 1989 r. |
|
| 655 | 4 | _aPodręczniki akademickie | |
| 710 | 2 |
_aPolitechnika Częstochowska. _bWydawnictwo. _4pbl. |
|
| 942 |
_2UKD _cKS |
||
| 856 |
_uhttp://koha.tu.koszalin.pl/cgi-bin/koha/opac-detail.pl?biblionumber=31092 _yKatalog online BPK |
||
| 999 |
_c31092 _d31092 |
||